| 000 | 01067naa a22002897a 4500 | ||
|---|---|---|---|
| 001 | BR7801133 | ||
| 003 | BR-BrBNA | ||
| 005 | 20240918174050.0 | ||
| 007 | ta | ||
| 008 | 230509b bl.||||| |||| 00| 0 por d | ||
| 040 |
_aBR-BrBNA _bpor _cBiblioteca Nacional de Agricultura |
||
| 041 | _a(Pt) | ||
| 072 |
_aQ20 _b3430 |
||
| 090 | _aQ20 BR7801133 | ||
| 100 | 1 | _aCruz, M.R. de M. | |
| 100 | 1 | _aAzevedo, J.L. de | |
| 245 | 1 | _aEstudos geneticos em leveduras utilizadas na producao de proteina unicelular. Testes de producao de proteina em linhagens isoladas da natureza e estudos de recombinacao genetica na especie Torula utilis | |
| 260 | 3 |
_aPiracicaba, SP (Brasil): _c1977. |
|
| 500 | _aRelatorio cientifico - 1976 Piracicaba, SP (Brasil): 1977. no. 10 (BR7801133-AM)Q20 | ||
| 650 | _aMICROBIOLOGIA DE ALIMENTO | ||
| 650 | _aLEVEDO | ||
| 650 | _aFUNGO | ||
| 650 | _aPROTEINA | ||
| 773 | 0 |
_tRelatorio Cientifico - 1976 : no. 10 / _wF30 BR7801121 _gPiracicaba, SP (Brasil), 1977. _q241 p. |
|
| 909 |
_a202404 _bLucia _c55 _dLucia Elande |
||
| 942 |
_cAM _2AGRIS |
||
| 999 |
_c308686 _d308686 |
||